عرض عادي عرض مارك
  • Physicists

مدخل مصطلح موضوعي

عدد التسجيلات المستخدمة في: 1

001 - رقم الضبط

  • حقل الضبط: 15446

003 - معرف رقم الضبط

  • حقل الضبط: OSt

005 - تاريخ ووقت أخر عملية

  • حقل الضبط: 20120601172421.0

008 - عناصر بيانات ثابتة الطول

  • حقل تحكم ثابت الطول: 120601|||a|||||| | ||| d

040 ## - مصدر الفهرسة

  • هيئة الفهرسة الأصلية: OSt
  • وكالة الكتابة: OSt

150 ## - مدخل-- مصطلح تاريخي

  • عنصر مدخل المصطلح الموضوعي او الاسم الجغرافي: Physicists
  • تفريع جغرافي: Sweden
  • تفريع شكلي: Correspondence.

670 ## - بيانات المصدر موجوده

  • الاستشهاد بالمصدر: Work cat.: (OSt)24214: Fuchs, Christopher A., 1964- 15444, Coming of Age With Quantum Information :, 2011.